Yhdistettyjä lippuja - Statistics

Yleistilastot
  • Tätä visaa on pelattu 694 kertaa
  • Keskiarvotulos 25 / 32
Vastaustilastot
Vihje Vastaus % Oikein
Kanada
100%
Ranska
99%
Saksa
97%
Etelä-Korea
94%
Israel
93%
Turkki
93%
Etelä-Afrikka
92%
Pohjois-Makedonia
92%
Iran
90%
Bulgaria
88%
Saudi-Arabia
88%
Slovakia
88%
Yhdysvallat
86%
Portugali
82%
Libanon
81%
Sri Lanka
81%
Kuuba
78%
Armenia
74%
Pakistan
74%
Vietnam
74%
Etiopia
73%
Taiwan
72%
Angola
69%
Kiina
68%
Tunisia
67%
Argentiina
66%
Laos
65%
Montenegro
65%
Bolivia
58%
Papua-Uusi-Guinea
57%
Itä-Timor
42%
Mauritania
42%
Ehtoja vastaavia visoja ei löytynyt
Tulosjakauma
Jokaisen tuloksen saaneiden osuus
Persentiili vastausten määrän mukaan
Tuloshistoriasi
Et ole pelannut tätä visaa